| 000 | 01072nam a22002537a 4500 | ||
|---|---|---|---|
| 005 | 20240305165350.0 | ||
| 007 | cr|||| |||| | ||
| 008 | 111110s2011 cl |||||s|||| 00||0 spa d | ||
| 020 | _a956-13-2025-8 | ||
| 035 | _a5891 | ||
| 040 | _avLex | ||
| 090 |
_c2757 _d2757 |
||
| 100 | 1 | _aEchecopar Koechlig, Nermán | |
| 245 | 1 | 0 |
_aCapital de riesgo en Chile _h[Recurso electrónico] / _cNermán Echecopar Koechlig, Alejandro Rogers Bozzolo |
| 256 | _aServicio en línea | ||
| 260 |
_a[Chile] : _bUniversidad Católica Andrés Bello, _c2011 |
||
| 300 | _a1 recurso electrónico | ||
| 506 | 1 |
_aContenido solo disponible en los productos indicados _dvLex Global _dvLex Global (Academic Edition, excluding Law Schools) _dvLex Global (U.S. Academic Edition, Law Schools) _dvLex Global (U.S. Academic Edition, excluding Law Schools) _dvLex Global (Academic Edition, Law Schools) |
|
| 650 | 0 | 4 |
_aCapital de riesgo _zChile |
| 700 | 1 | _aRogers Bozzolo, Alejandro | |
| 740 | 0 | _avLex Libros (Servicio en línea) | |
| 856 | 4 | 0 | _uhttps://app.vlex.com/#/sources/5891 |
| 942 | _cRAA | ||
| 999 |
_c161177 _d161177 |
||